000 01114nam a2200301 4500
001 0000016876
003 CO-CtgCURN
005 20250512221521.0
007 ta
008 160627s1988 000 0 eng d
020 _a9586042588
040 _aCO-CtgCURN
_bspa
_ccoctgcurn
082 0 _a343.2
_bB35t
100 1 _aBenitez Naranjo, Hernan Dario.
245 1 0 _aTratamiento juridicopenal del indigena colombiano :
_binimputabilidad o inculpabilidad? /
_cHernan Dario Benitez Naranjo.
260 _aBogotá :
_bEditorial Temis,
_c1988.
300 _axviii, 191 p.
336 _2rdacontent
337 _2rdamedia
_asin mediacion
_bn
338 _2rdacarrier
_avolumen
_bnc
500 _aIncluye indice.
504 _aBibliografia (p. 179-182)
505 8 _aLa inpunidad en la doctrina.--Imputabilidad e inimputabilidad.--La formula legal de inimputabilidad.--La situacion de Indigenas.--Tratamiento juridicopenal de indigena en Colombia
650 1 4 _aLegislacion.
908 _a160627
942 _cBK
_h343.2
_iB35t
_2ddc
_n0
999 _c19340
_d19340